Dal diritto romano al diritto europeo

Saved in:
Bibliografiske detaljer
Hovedforfatter: Casavola, Francesco Paolo (Author)
Format: Bog
Sprog:italiensk
Udgivet: Nápoles Scientifica 2006
Serier:Lezioni Magistrali, 5
Fag:
Tags: Tilføj Tag
Ingen Tags, Vær først til at tagge denne postø!

MARC

LEADER 00000nam a2200000 a 4500
001 UCG6321
003 CL-VaPUC
008 110414e20060100it |||||||||||||||||ita|d
020 |a 8889373725 
082 0 4 |a 340.54  |b CAS  |2 21 
100 0 |a Casavola, Francesco Paolo  |e author  |9 556438 
245 1 0 |a Dal diritto romano al diritto europeo 
300 |a 44 p 
942 |c BK 
945 |d 20110414 00:00:00  |a jcampos 
260 |a Nápoles  |b Scientifica  |c 2006 
650 0 |a Derecho romano  |9 255930 
650 7 |a HISTORIA DEL DERECHO EUROPEO  |2 CL-VaPUC  |9 556439 
651 0 |a Europa  |9 255156 
651 0 |a Italia  |9 254949 
651 0 |a Roma   |9 255106 
583 |a last modification  |c 20171212 06:32:16  |k Rodrigo Vera 
490 0 |a Lezioni Magistrali, 5 
999 |c 344583  |d 344581 
952 |0 0  |1 0  |2 ddc  |4 0  |6 340_540000000000000_CAS_2006  |7 0  |8 A  |9 442634  |a BIBDER  |b BIBDER  |d 2019-11-22  |i 4766458  |o 340.54 CAS 2006  |p 4766458  |r 2023-01-25  |w 2019-11-22  |y MX  |k DER